书目信息 |
| 题名: |
光亮镀镍
|
|
| 作者: | 陈天玉 编著 | |
| 分册: | ||
| 出版信息: | 北京 化学工业出版社 2007 |
|
| 页数: | 409页 | |
| 开本: | 20cm | |
| 丛书名: | 镀镍技术丛书 | |
| 单 册: | ||
| 中图分类: | TQ153.1 | |
| 科图分类: | ||
| 主题词: | 光亮镀 , 镀镍 , 光亮镀--镀镍 | |
| 电子资源: | ||
| ISBN: | 978-7-5025-9521-0 | |
| 000 | 00920nam0 2200289 450 | |
| 000 | 00927nam0 2200289 450 | |
| 000 | 00857nam0 2200265 450 | |
| 000 | 00821nam0 2200253 45 | |
| 005 | 20070516101630.51 | |
| 010 | @a978-7-5025-9521-0@dCNY30.00 | |
| 100 | @a20070309d2007 em y0chiy0120 ea | |
| 101 | 0 | @achi |
| 102 | @aCN@b110000 | |
| 105 | @aa z 000yy | |
| 200 | 1 | @a光亮镀镍@Aguang liang du nie@f陈天玉编著 |
| 210 | @a北京@c化学工业出版社@d2007 | |
| 215 | @a409页@c图@d20cm | |
| 225 | 2 | @a镀镍技术丛书 |
| 330 | @a本书介绍了光亮镀镍的原理、光亮镀层的性能和一般工艺,对镀镍光亮剂、双层和单层光亮镀镍、低浓度低温以及深孔、滚镀工艺条件下的光亮镀镍工艺进行了详细的介绍。 | |
| 410 | 0 | @12001 @a镀镍技术丛书 |
| 606 | 0 | @a光亮镀 |
| 606 | 0 | @a镀镍 |
| 606 | 0 | @a光亮镀@x镀镍 |
| 690 | @aTQ153.1@v4 | |
| 701 | 0 | @a陈天玉@Acheng tian yu@4编著 |
| 801 | 0 | @aCN@bTAOJIN@c20070516 |
| 905 | @a10447@dTQ153.1@e17 | |
| 光亮镀镍/陈天玉编著.-北京:化学工业出版社,2007 |
| 409页:图;20cm.-(镀镍技术丛书) |
| ISBN 978-7-5025-9521-0:CNY30.00 |
| 本书介绍了光亮镀镍的原理、光亮镀层的性能和一般工艺,对镀镍光亮剂、双层和单层光亮镀镍、低浓度低温以及深孔、滚镀工艺条件下的光亮镀镍工艺进行了详细的介绍。 |
| ● |
| 相关链接 |
|
|
|
|
正题名:光亮镀镍
索取号:TQ153.1/17
 
预约/预借
| 序号 | 登录号 | 条形码 | 馆藏地/架位号 | 状态 | 备注 |
| 1 | 0520596 | 205205963 | 第二样本阅览室/ [索取号:TQ153.1/17] | 在馆 | |
| 2 | 0520597 | 205205972 | 第三借阅区/ [索取号:TQ153.1/17] | 在馆 | |
| 3 | 0520598 | 205205981 | 第三借阅区/ [索取号:TQ153.1/17] | 在馆 | |
| 4 | 0520599 | 205205990 | 第三借阅区/ [索取号:TQ153.1/17] | 在馆 | |
| 5 | 0520600 | 205206007 | 第三借阅区/ [索取号:TQ153.1/17] | 在馆 | |
| 6 | 0520601 | 205206016 | 第三借阅区/ [索取号:TQ153.1/17] | 在馆 | |
| 7 | 0520602 | 205206025 | 第三借阅区/ [索取号:TQ153.1/17] | 在馆 | |
| 8 | 0520603 | 205206034 | 第三借阅区/ [索取号:TQ153.1/17] | 在馆 |